Relationships between international criminal law and other branches of international law / (Record no. 1575)

MARC details
000 -LEADER
fixed length control field 02925cam a2200469 i 4500
001 - CONTROL NUMBER
control field data
005 - DATE AND TIME OF LATEST TRANSACTION
control field 20260322212107.0
008 - FIXED-LENGTH DATA ELEMENTS--GENERAL INFORMATION
fixed length control field data
035 ## - SYSTEM CONTROL NUMBER
System control number 22952400
010 ## - LIBRARY OF CONGRESS CONTROL NUMBER
LC control number 2022418351
015 ## - NATIONAL BIBLIOGRAPHY NUMBER
National bibliography number GBC283785
Source bnb
016 7# - NATIONAL BIBLIOGRAPHIC AGENCY CONTROL NUMBER
Record control number 020581531
Source Uk
020 ## - INTERNATIONAL STANDARD BOOK NUMBER
International Standard Book Number 9789004521490
Qualifying information paperback
020 ## - INTERNATIONAL STANDARD BOOK NUMBER
International Standard Book Number 9004521496
Qualifying information paperback
035 ## - SYSTEM CONTROL NUMBER
System control number (OCoLC)1328023140
040 ## - CATALOGING SOURCE
Original cataloging agency UKMGB
Language of cataloging eng
Transcribing agency UKMGB
Description conventions rda
Modifying agency DLC
-- YDX
-- HVL
-- TXQ
-- DLC
042 ## - AUTHENTICATION CODE
Authentication code lccopycat
050 00 - LIBRARY OF CONGRESS CALL NUMBER
Classification number KZ7050
Item number .S33 2022
082 04 - DEWEY DECIMAL CLASSIFICATION NUMBER
Classification number 345
Edition information 23
100 1# - MAIN ENTRY--PERSONAL NAME
Personal name Schabas, William,
Dates associated with a name 1950-
Relator term author.
Real World Object URI https://isni.org/isni/0000000121194332
245 10 - TITLE STATEMENT
Title Relationships between international criminal law and other branches of international law /
Statement of responsibility, etc. William A. Schabas.
264 #1 - PRODUCTION, PUBLICATION, DISTRIBUTION, MANUFACTURE, AND COPYRIGHT NOTICE
Place of production, publication, distribution, manufacture Leiden :
Name of producer, publisher, distributor, manufacturer Brill Nijhoff,
Date of production, publication, distribution, manufacture, or copyright notice 2022.
264 #4 - PRODUCTION, PUBLICATION, DISTRIBUTION, MANUFACTURE, AND COPYRIGHT NOTICE
Date of production, publication, distribution, manufacture, or copyright notice ©2022
300 ## - PHYSICAL DESCRIPTION
Extent 261 pages ;
Dimensions 18 cm
336 ## - CONTENT TYPE
Content type term text
Content type code txt
Source rdacontent
337 ## - MEDIA TYPE
Media type term unmediated
Media type code n
Source rdamedia
338 ## - CARRIER TYPE
Carrier type term volume
Carrier type code nc
Source rdacarrier
490 1# - SERIES STATEMENT
Series statement Pocketbooks of the Hague Academy of International Law
504 ## - BIBLIOGRAPHY, ETC. NOTE
Bibliography, etc. note Includes bibliographical references.
505 0# - FORMATTED CONTENTS NOTE
Formatted contents note Chapter 1. Introduction -- Chapter 2. General international law -- Chapter 3. International humanitarian law -- Chapter 4. Refugee law -- Chapter 5. Human rights law and international criminal law -- Chapter 6. Conclusions
520 ## - SUMMARY, ETC.
Summary, etc. This course investigates the relationships between international criminal law and other branches of international law. It begins by examining four issues of general international law: the principal sources of international law, jurisdiction and immunities, State responsibility, and use of force. It then explores internationalhumanitarian law, focusing on definitions of war crimes and difficulties in linking IHL and ICL. Next, it examines refugee law, paying particular attention to the exclusion of war criminals from refugee protection and to international crimes that may be related to the rights and treatment of refugees. The final chapter explores the relationship between ICL and human rights law, examining the position of human rights within the Rome Statute of the ICC, as well as the human rights aspects of genocide, crimes against humanity, various procedural rights relating to fair international trials and the contribution of human rights fact-finding mechanisms.
650 #0 - SUBJECT ADDED ENTRY--TOPICAL TERM
Topical term or geographic name entry element International criminal law.
650 #0 - SUBJECT ADDED ENTRY--TOPICAL TERM
Topical term or geographic name entry element International law.
650 #0 - SUBJECT ADDED ENTRY--TOPICAL TERM
Topical term or geographic name entry element International law and human rights.
650 #7 - SUBJECT ADDED ENTRY--TOPICAL TERM
Topical term or geographic name entry element International criminal law.
Source of heading or term fast
Authority record control number or standard number (OCoLC)fst01784719
650 #7 - SUBJECT ADDED ENTRY--TOPICAL TERM
Topical term or geographic name entry element International law.
Source of heading or term fast
Authority record control number or standard number (OCoLC)fst00976984
650 17 - SUBJECT ADDED ENTRY--TOPICAL TERM
Topical term or geographic name entry element International law and human rights.
Source of heading or term fast
Authority record control number or standard number (OCoLC)fst01894145
830 #0 - SERIES ADDED ENTRY--UNIFORM TITLE
Uniform title Pocketbooks of the Hague Academy of International Law.
906 ## - LOCAL DATA ELEMENT F, LDF (RLIN)
a 7
b cbc
c copycat
d 2
e ncip
f 20
g y-gencatlg
925 0# -
-- acquire
-- 1 shelf copy
-- policy default
Holdings
Withdrawn status Lost status Damaged status Not for loan Home library Current library Shelving location Date acquired Total checkouts Full call number Barcode Date last seen Price effective from Koha item type
        Liberty Liberty General stacks 22/03/2026   345 LOC-LPL-00038 22/03/2026 22/03/2026 Books